Pride and prejudice / (Record no. 131172)
[ view plain ]
| 000 -LEADER | |
|---|---|
| fixed length control field | 00647nam a22002417a 4500 |
| 003 - CONTROL NUMBER IDENTIFIER | |
| control field | dpl |
| 005 - DATE AND TIME OF LATEST TRANSACTION | |
| control field | 20180714162633.0 |
| 008 - FIXED-LENGTH DATA ELEMENTS--GENERAL INFORMATION | |
| fixed length control field | 180714b xxu||||| |||| 00| 0 eng d |
| 010 ## - LIBRARY OF CONGRESS CONTROL NUMBER | |
| LC control number | B-042159 |
| 020 ## - INTERNATIONAL STANDARD BOOK NUMBER | |
| Terms of availability | 00.00 |
| International Standard Book Number | 1582790329 |
| 035 ## - SYSTEM CONTROL NUMBER | |
| System control number | B-042159, B-042163 |
| 037 ## - SOURCE OF ACQUISITION | |
| Source of stock number/acquisition | Cen Lib/Ret |
| 040 ## - CATALOGING SOURCE | |
| Original cataloging agency | DPL |
| Language of cataloging | EN |
| Transcribing agency | 0 |
| 082 ## - DEWEY DECIMAL CLASSIFICATION NUMBER | |
| Classification number | N |
| Item number | AUS |
| 100 ## - MAIN ENTRY--PERSONAL NAME | |
| Personal name | Austen, Jane |
| 9 (RLIN) | 31048 |
| 245 ## - TITLE STATEMENT | |
| Title | Pride and prejudice / |
| Statement of responsibility, etc | by Jane Austen |
| 260 ## - PUBLICATION, DISTRIBUTION, ETC. (IMPRINT) | |
| Place of publication, distribution, etc | New York |
| Name of publisher, distributor, etc | The Century Co. |
| Date of publication, distribution, etc | 1999 |
| 270 ## - ADDRESS | |
| Address | New York |
| City | New York |
| 300 ## - PHYSICAL DESCRIPTION | |
| Extent | 329p. : |
| Dimensions | 21cm(Hb) |
| Other physical details | ill. |
| 650 ## - SUBJECT ADDED ENTRY--TOPICAL TERM | |
| Topical term or geographic name as entry element | Courtship |
| 9 (RLIN) | 31049 |
| 650 ## - SUBJECT ADDED ENTRY--TOPICAL TERM | |
| Topical term or geographic name as entry element | Young women |
| 9 (RLIN) | 107144 |
| 942 ## - ADDED ENTRY ELEMENTS (KOHA) | |
| Source of classification or shelving scheme | Dewey Decimal Classification |
| Koha item type | English Books |
| Classification part | N |
| Call number suffix | AUS |
| Withdrawn status | Lost status | Damaged status | Not for loan | Home library | Current library | Date acquired | Source of acquisition | Cost, normal purchase price | Total Checkouts | Full call number | Barcode | Date last seen | Copy number | Cost, replacement price | Price effective from | Koha item type | Source of classification or shelving scheme | Collection code | Total Renewals | Checked out | Date checked out |
|---|---|---|---|---|---|---|---|---|---|---|---|---|---|---|---|---|---|---|---|---|---|
| Central Library | Central Library | 13/07/2015 | Cen Lib/Ret | 0.00 | N AUS | B-042159 | 13/07/2015 | 1 | 0.00 | 13/07/2015 | English Books | ||||||||||
| Shahdara Branch | Shahdara Branch | 14/07/2018 | BPPD/PUB | 0.00 | 2 | N AUS | B-042163 | 17/06/2026 | 0.00 | 14/07/2018 | English Books | Dewey Decimal Classification | Fiction | 1 | 15/07/2026 | 17/06/2026 |
